Wolfgang Paalen : (Record no. 10816)

MARC details
000 -CABECERA
campo de control de longitud fija 02134nam a22004097a 4500
001 - NÚMERO DE CONTROL
campo de control BRCA_ 9197
003 - IDENTIFICADOR DEL NÚMERO DE CONTROL
campo de control FranzMayer
005 - FECHA Y HORA DE LA ÚLTIMA TRANSACCIÓN
campo de control 20220809125451.0
008 - DATOS DE LONGITUD FIJA--INFORMACIÓN GENERAL
campo de control de longitud fija 220711b |||||||| |||| 00| 0 spa d
020 ## - NÚMERO INTERNACIONAL ESTÁNDAR DEL LIBRO
Número Internacional Estándar del Libro 9783903114944
Información calificativa Edición de museo en inglés
040 ## - FUENTE DE LA CATALOGACIÓN
Lengua de catalogación spa
Centro/agencia transcriptor MFM
041 1# - CÓDIGO DE LENGUA
Código de lengua del texto/banda sonora o título independiente eng
050 ## - SIGNATURA TOPOGRÁFICA DE LA BIBLIOTECA DEL CONGRESO
Número de clasificación N4396.S8
Número de documento/Ítem W65 2019
245 00 - MENCIÓN DE TÍTULO
Título Wolfgang Paalen :
Resto del título the Austrian Surrealist in Paris and Mexico /
260 ## - PUBLICACIÓN, DISTRIBUCIÓN, ETC.
Lugar de publicación, distribución, etc. Londres :
Nombre del editor, distribuidor, etc. Koenig Books Ltd,
Fecha de publicación, distribución, etc. [2019]
260 ## - PUBLICACIÓN, DISTRIBUCIÓN, ETC.
Lugar de publicación, distribución, etc. Nueva York :
Nombre del editor, distribuidor, etc. [Fuera de Europa] D.A.P./Distributed Art Publishers
300 ## - DESCRIPCIÓN FÍSICA
Extensión 248 p. :
Otras características físicas il., fot. col. ;
Dimensiones 16.5 x 24.5 cm.
500 ## - NOTA GENERAL
Nota general Ubicación: L60-N1
500 ## - NOTA GENERAL
Nota general Incluye imágenes de piezas del Museo Franz Mayer (pp. 108, 113, 129, 136, 184, 186, 189, 194, 195, 197, 199, 205, 206, 208)
500 ## - NOTA GENERAL
Nota general Incluye imagen del Fondo Paalen, Museo Franz Mayer (p. 171)
505 2# - NOTA DE CONTENIDO CON FORMATO
Título Foreword /
Mención de responsabilidad Stella Rollig
505 2# - NOTA DE CONTENIDO CON FORMATO
Título Shock, Fear, and Apparition as Topoi in Wolfgang Paalen's Painting /
Mención de responsabilidad Andreas Neufert
505 2# - NOTA DE CONTENIDO CON FORMATO
Título Orientations (1927-34) /
Mención de responsabilidad Andreas Neufert
505 2# - NOTA DE CONTENIDO CON FORMATO
Título From Roots to Guns: Paalen's Surrealist Objects /
Mención de responsabilidad Dawn Ades
505 2# - NOTA DE CONTENIDO CON FORMATO
Título Wolfgang Paalen's Voyage Nord-Ouest /
Mención de responsabilidad Colin Browne
505 2# - NOTA DE CONTENIDO CON FORMATO
Título Wolfgang Paalen's Transnational Art Magazine DYN /
Mención de responsabilidad Timur Alexander El Rafie
505 2# - NOTA DE CONTENIDO CON FORMATO
Título Surrealism in Paris (1935-39) /
Mención de responsabilidad Andreas Neufert
505 2# - NOTA DE CONTENIDO CON FORMATO
Título Wolfgang Paalen: "The First Writer of the Atomic Age" /
Mención de responsabilidad Markus Hallensleben
505 2# - NOTA DE CONTENIDO CON FORMATO
Título Wolfgang Paalen in Exile in Mexico /
Mención de responsabilidad Christian Kloyber
505 2# - NOTA DE CONTENIDO CON FORMATO
Título Mexico (1939-50) /
Mención de responsabilidad Andreas Neufert
505 2# - NOTA DE CONTENIDO CON FORMATO
Título Wolfgang Paalen-Surrealist from Vienna: Searching for the Austrian Context /
Mención de responsabilidad Franz Smola
505 2# - NOTA DE CONTENIDO CON FORMATO
Título Biography Wolfgang Paalen /
Mención de responsabilidad Andreas Neufert
520 ## - SUMARIO, ETC.
Sumario, etc. Este catálogo se publica con motivo de la exposición "Wolfgang Paalen. El surrealista austriaco en París y México" del 4 de octubre de 2019 al 19 de enero de 2020 en el Lower Belvedere, Viena. - Proporcionado por el editor
600 ## - PUNTO DE ACCESO ADICIONAL DE MATERIA--NOMBRE DE PERSONA
Nombre de persona Paalen, Wolfgang,‏
Fechas asociadas al nombre 1907-1959
Subdivisión general Surrealismo
-- Exposiciones
9 (RLIN) 28436
942 ## - ELEMENTOS DE PUNTO DE ACCESO ADICIONAL (KOHA)
Fuente del sistema de clasificación o colocación Library of Congress Classification
Tipo de ítem Koha Libros
Holdings
Estado de retiro Estado de pérdida Fuente del sistema de clasificación o colocación Estado dañado No para préstamo Localización permanente Ubicación/localización actual Fecha de adquisición Total de préstamos Signatura topográfica completa Código de barras Fecha visto por última vez Precio válido a partir de Tipo de ítem Koha
El ejemplar forma parte de la colección y puede ser consultado según las políticas vigentes.   Library of Congress Classification     Biblioteca del Museo Franz Mayer (Rogerio Casas-Alatriste) Biblioteca del Museo Franz Mayer (Rogerio Casas-Alatriste) 11/07/2022   N4396.S8 W65 2019 CONT9970 11/07/2022 11/07/2022 Libros
El ejemplar forma parte de la colección y puede ser consultado según las políticas vigentes.   Library of Congress Classification     Biblioteca del Museo Franz Mayer (Rogerio Casas-Alatriste) Biblioteca del Museo Franz Mayer (Rogerio Casas-Alatriste) 28/09/2022   N4396.S8 W65 2019 CONT10025 28/09/2022 28/09/2022 Libros